00571 a2200169 4500010001400000020002300014035001300037037001500050082001000065100002200075245014800097260004400245270004700289300002700336500002000363700001800383 aENG-86532 a8120332225c350.00 aEN-70065 bDBAD / PUB14a658.31 aVance, Charles M.1 aManaging a global workforce :cby Charles M.Vance [and] Yongsun Paikbchallenges and opportunities in international human resource management / aNew DelhibPrentice Hall of Indiac2007 aM-97, Connaught CircusbNew Delhie110 001 axv, 399 p.c24cm (Pbk) aincludes index1 aPaik, Yongsun